The newest Sappho (P. Sapph. Obbink and P. GC inv. 105, frs. 1-4) : studies in archaic and classical Greek song, vol. 2 /

In The Newest Sappho Anton Bierl and André Lardinois have edited 21 papers of world-renowned Sappho scholars dealing with the new papyrus fragments of Sappho that were published in 2014. This set of papyrus fragments, the greatest find of Sappho fragments since the beginning of the 20th century, pro...

Full description

Bibliographic Details
Corporate Author: JSTOR (Organization)
Other Authors: Bierl, Anton, 1960- (Editor), Lardinois, A. P. M. H. (Editor)
Format: eBook
Language:English
Published: Leiden ; Boston : Brill, 2016.
Series:Mnemosyne, bibliotheca classica Batava. Supplementum ; v. 392.
Studies in archaic and classical Greek song ; v. 2.
Subjects:
Online Access:Connect to the full text of this electronic book

MARC

Tag First Indicator Second Indicator Subfields
LEADER 00000cam a22000008i 4500
001 in00004635393
006 m o d
007 cr |n|||||||||
008 160210s2016 ne ob 001 0 eng
005 20230103223445.0
010 |a  2016006766 
035 |a (OCoLC)ocn938856313 
040 |a DLC  |b eng  |e rda  |e pn  |c DLC  |d YDXCP  |d COO  |d LOA  |d OCLCO  |d UIU  |d JSTOR  |d IAA  |d LND  |d VT2  |d VFL  |d ICG  |d OCLCQ  |d U3W  |d OCLCF  |d ICN  |d CEF  |d ERL  |d WYU  |d LEAUB  |d CNTRU  |d OCLCQ  |d NJT  |d OCLCO  |d SFB  |d LUN  |d OCLCQ  |d UEJ  |d ERD  |d OCLCO  |d OCLCQ 
019 |a 963294886  |a 1169994919  |a 1171184665  |a 1229781235 
020 |a 9789004314832  |q (electronic bk.) 
020 |a 9004314830  |q (electronic bk.) 
020 |z 9789004311626  |q (hardback ;  |q alk. paper) 
020 |z 9004311629 
024 8 |a 10.1163/9789004314832 
035 |a (OCoLC)938856313  |z (OCoLC)963294886  |z (OCoLC)1169994919  |z (OCoLC)1171184665  |z (OCoLC)1229781235 
037 |a 22573/ctt1w71jjg  |b JSTOR 
042 |a pcc 
050 1 0 |a PA4409 
072 7 |a LIT011000  |2 bisacsh 
072 7 |a DSBB.  |2 bicssc 
082 0 0 |a 884/.01  |2 23 
049 |a TXAM 
245 0 4 |a The newest Sappho (P. Sapph. Obbink and P. GC inv. 105, frs. 1-4) :  |b studies in archaic and classical Greek song, vol. 2 /  |c edited by Anton Bierl, Andre Lardinois. 
246 3 0 |a Studies in archaic and classical Greek song, vol. 2 
263 |a 1606 
264 1 |a Leiden ;  |a Boston :  |b Brill,  |c 2016. 
300 |a 1 online resource 
336 |a text  |b txt  |2 rdacontent 
337 |a computer  |b c  |2 rdamedia 
338 |a online resource  |b cr  |2 rdacarrier 
490 1 |a Mnemosyne supplements,  |x 0169-8958 ;  |v volume 392 
490 1 |a Studies in archaic and classical Greek song ;  |v v. 2 
504 |a Includes bibliographical references and index. 
588 0 |a Print version record and CIP data provided by publisher; resource not viewed. 
505 0 0 |t Front Matter /  |r Anton Bierl and André Lardinois --  |t Introduction /  |r Anton Bierl and André Lardinois --  |t The Newest Sappho: Text, Apparatus Criticus, and Translation /  |r Dirk Obbink --  |t Ten Poems of Sappho: Provenance, Authenticity, and Text of the New Sappho Papyri /  |r Dirk Obbink --  |t Songs for Sailors and Lovers /  |r Joel Lidov --  |t Sappho, Iambist: Abusing the Brother /  |r Richard P. Martin --  |t The Newest Sappho and Archaic Greek-Near Eastern Interactions /  |r Kurt A. Raaflaub --  |t How Did Sappho's Songs Get into the Male Sympotic Repertoire? /  |r Ewen Bowie --  |t Sappho's Brothers Song and the Fictionality of Early Greek Lyric Poetry /  |r André Lardinois --  |t Hera and the Return of Charaxos /  |r Deborah Boedeker --  |t Goodbye Family Gloom! The Coming of Charaxos in the Brothers Song /  |r Dirk Obbink --  |t Sappho and the Mythopoetics of the Domestic /  |r Anastasia-Erasmia Peponi --  |t Gendered Spheres and Mythic Models in Sappho's Brothers Poem /  |r Leslie Kurke --  |t Larichos in the Brothers Poem: Sappho Speaks Truth to the Wine-Pourer /  |r Eva Stehle --  |t The Reception of Sappho's Brothers Poem in Rome /  |r Llewelyn Morgan --  |t 'All You Need is Love': Some Thoughts on the Structure, Texture, and Meaning of the Brothers Song as well as on Its Relation to the Kypris Song (P. Sapph. Obbink) /  |r Anton Bierl --  |t Sappho as Aphrodite's Singer, Poet, and Hero(ine): The Reconstruction of the Context and Sense of the Kypris Song /  |r Anton Bierl --  |t Sappho and Kypris: 'The Vertigo of Love' (P. Sapph. Obbink 21-29; P. Oxy. 1231, fr. 16) /  |r Sandra Boehringer and Claude Calame --  |t Loving, but not Loved: The New Kypris Song in the Context of Sappho's Poetry /  |r Renate Schlesier --  |t Reimagining the Fragments of Sappho through Translation /  |r Diane Rayor --  |t Notes on the First Stanza of Fragment 17 /  |r Joel Lidov --  |t Sappho Fragment 17: Wishing Charaxos a Safe Trip? /  |r Stefano Caciagli --  |t A Poetics of Sisterly Affect in the Brothers Song and in Other Songs of Sappho /  |r Gregory Nagy --  |t Bibliography /  |r Anton Bierl and André Lardinois --  |t Indexes /  |r Anton Bierl and André Lardinois. 
520 |a In The Newest Sappho Anton Bierl and André Lardinois have edited 21 papers of world-renowned Sappho scholars dealing with the new papyrus fragments of Sappho that were published in 2014. This set of papyrus fragments, the greatest find of Sappho fragments since the beginning of the 20th century, provides significant new readings and additions to five previously known songs of Sappho (frs. 5, 9, 16, 17 and 18), as well as the remains of four previously unknown songs, including the new Brothers Song and the Kypris Song. The contributors discuss the content of these poems as well as the consequence they have for our understanding of Sappho's life and work. 
600 0 0 |a Sappho  |x Criticism and interpretation  |v Congresses. 
600 0 0 |a Sappho  |x Manuscripts  |v Congresses. 
600 0 7 |a Sappho.  |2 fast  |0 (OCoLC)fst00016361 
650 0 |a Greek poetry  |x Manuscripts  |v Congresses. 
650 6 |a Poésie grecque  |x Manuscrits  |v Congrès. 
650 7 |a LITERARY CRITICISM  |x Medieval.  |2 bisacsh 
650 7 |a Manuscripts.  |2 fast  |0 (OCoLC)fst01008230 
655 7 |a Electronic books.  |2 local 
655 7 |a Conference papers and proceedings.  |2 fast  |0 (OCoLC)fst01423772 
655 7 |a Criticism, interpretation, etc.  |2 fast  |0 (OCoLC)fst01411635 
700 1 |a Bierl, Anton,  |d 1960-  |e editor. 
700 1 |a Lardinois, A. P. M. H.,  |e editor. 
710 2 |a JSTOR (Organization) 
776 0 8 |i Print version:  |t Newest Sappho (P. Sapph. Obbink and P. GC inv. 105, frs. 1-4).  |d Leiden ; Boston : Brill, 2016  |z 9789004311626  |w (DLC) 2016005748 
830 0 |a Mnemosyne, bibliotheca classica Batava.  |p Supplementum ;  |v v. 392. 
830 0 |a Studies in archaic and classical Greek song ;  |v v. 2. 
856 4 0 |u https://www.jstor.org/stable/10.1163/j.ctt1w76v7d  |z Connect to the full text of this electronic book  |t 0 
955 |a JSTOR Open Access ebooks 
994 |a 92  |b TXA 
999 f f |s 156f4232-cfa0-434e-9435-e2052ad3b329  |i 941fd1cd-4297-4b53-908a-247fa7a36964  |t 0 
952 f f |a Texas A&M University  |b College Station  |c Electronic Resources  |d Available Online  |t 0  |e PA4409   |h Library of Congress classification 
998 f f |a PA4409   |t 0  |l Available Online